01830cam a2200493 4500003000900000005001700009020001500026035002700041035001800068035001800086041000700104044000700111082001800118100002700136245014300163264005100306300002700357490005800384504002700442505013600469526001000605526001000615526001000625526001000635526000800645526000800653526000800661526000800669526000800677526000800685526000800693630003900701650003900740650003000779650002700809650004300836942001400879949006500893910001000958596000600968999015000974980005501124952015701179PE-LiUPU20250731173020.0 a0941037649 a(Sirsi) i9780941037648 a(Sirsi) 24069 a(Sirsi) 24069 aen aus04a220.046bCH231 aCharlesworth, James H. aHow Barisat bellowe :bfolklore, humor, and iconography in the Jewish apocalypses and the Apocalypse of John /cpor James H. Charlesworth. 1aNorth Richland Hills, TX :bBIBAL Press,c1998 a60 páginas ;c22 cm.0 aThe Dead Sea Scrolls and Christian Origins Libraryv3 aIncluye bibliografía0 aThe Jewish Apocalypses and the Apocalypse of John -- The social setting and origin of Jewish Apocalyptic literature -- Iconography. aSEG42 aSEG41 aSEG40 aSEG39 aP94 aP87 aP86 aP85 aP77 aP76 aP35 aBibliapN.T.pApocalipsisvFuentes14aLiteratura apocalípticavFuentes14aFolclore en la literatura14aHumor en la literatura14aÍdolos e imágenes en la literatura 2ddccBOOK a220.046 CH23i47430lPOSTGRADOmBULtLIBROo.STAFF. Posgrado aaj-op a1 a220.046 CH23wDEWEYc23988i47430f2021-11-9g5lCCODEBUL1mBULr0sYtBOOKu2015-6-24xTEOLOGIAPP350COMPRAo.STAFF. Colección Generald23988 81gALBERTO SANCHEZ Responsable de Automatización r2025-12-02 00:00:00i6l0o220.046 CH23p47430te1w2015-06-24xFTyBKzinventario-2023-12-13102ddc50708GENfP35aBULbBULcGENd2015-06-24eCOMPRA